00979 a2200169 45000010006000000050017000060080041000230030015000640400040000790800159001192450056002782640075003343000018004095050353004270410008007801000021007885459520260407155820.0260407a1971 arg spa dAR-UNSa-BCEJYS aAR-UNSa-BCEJYSbspacAR-UNSa-BCEJYS a321.01xTeoría general del Estado. Teoría y filosofía del poder. Estado y territorio. Autoridad y oposición. Usurpación (Filosofía política)10aCiencia política y teoría jurídica del Estado 1aBuenos Aires :bEUDEBA (Editorial Universitaria de Buenos Aires)c1971 a57 p.c18 cm. a1. Ciencia Política: ¿Una disciplina tradicional o nueva? – 2. Teoría Jurídica de Estado. Del positivismo jurídico al sociológico – 3. Hermann Heller: La teoría del Estado como ciencia política – 4. Ciencia de Normas. Ciencia de la realidad – 5. Unidad de objeto. Pluralidad de los métodos – 6. Primacía de lo común.  aspa1 aSontheimer, Kurt